Statistics for 12 Greek Olympian Gods Quiz

Click here to take the quiz!

General Stats

  • This quiz has been taken 347 times
  • The average score is 11 of 12

Answer Stats

Hint Answer % Correct
God of skyZeus
99%
Goddess of Wisdom/warAthena
97%
God of seaPoseidon
96%
God of the underworldHades
96%
God of warAres
95%
Messenger of the godsHermes
95%
Goddess of LoveAphrodite
94%
Goddess of marriageHera
91%
God of the sunApollo
91%
Goddess of the moonArtemis
77%
God of Fire/forgesHephaestus
75%
Goddess of the hearthHestia
73%

Score Distribution

Percentile by Number Answered

Percent of People with Each Score

Your Score History

You have not taken this quiz